00421nmm a2200157Ia 4500008004100000041000800041100001600049245003300065264004600098300001600144490000900160650001700169700001600186700001000202856005100212251105s9999||||xx |||||||||||||||||und|| aspa aLuz, Alicia 0aLujuria en la Rusia imperial a[Madrid, España] :bSaga Egmont, c2019 a0 páginas aLUST aErotic novel aLuz, Alicia1 a Lust uhttps://public.digitaliapublishing.com/a/99160